Diagnóstico industrial (Registro nro. 36460)

Detalles MARC
000 -LEADER
fixed length control field 01079 a2200205 4500
001 - CONTROL NUMBER
control field 63982
005 - DATE AND TIME OF LATEST TRANSACTION
control field 20260521160828.0
008 - FIXED-LENGTH DATA ELEMENTS--GENERAL INFORMATION
fixed length control field 260521a1972 arg spa d
003 - CONTROL NUMBER IDENTIFIER
control field AR-UNSa-BCEJYS
040 ## - CATALOGING SOURCE
Original cataloging agency AR-UNSa-BCEJYS
Language of cataloging spa
Transcribing agency AR-UNSa-BCEJYS
080 ## - UNIVERSAL DECIMAL CLASSIFICATION NUMBER
Universal Decimal Classification number 658.5.012.7
Common auxiliary subdivision Control de la producción
041 ## - LANGUAGE CODE
Language code of text/sound track or separate title spa
100 1# - MAIN ENTRY--PERSONAL NAME
Personal name Montaño, Agustín
245 10 - TITLE STATEMENT
Title Diagnóstico industrial
Name of part/section of a work Controles gráficos de dirección
264 #1 - PRODUCTION, PUBLICATION, DISTRIBUTION, MANUFACTURE, AND COPYRIGHT NOTICE
Place of production, publication, distribution, manufacture México :
Name of producer, publisher, distributor, manufacturer Trillas
Date of production, publication, distribution, manufacture, or copyright notice 1972
300 ## - PHYSICAL DESCRIPTION
Extent 157 p.
Dimensions 24 cm.
505 ## - FORMATTED CONTENTS NOTE
Formatted contents note 1. Indicadores de control interno - 2. Control interno - 3. Indicadores del ambiente - 4. Indicadores de los productos o servicios - 5. Indicadores de la estructura financiera - 6. Indicadores de la función suministros - 7. Indicadores de la fuerza de trabajo - 8. Indicadores de los medios de producción - 9. Indicadores de la actividad productora - 10. Indicadores del mercadeo - 11. Indicadores de contabilidad y estadística - 12. Indicadores de la dirección - 13. Diagnóstico de productividad -
590 ## - LOCAL NOTE (RLIN)
Local note niveau_biblio:m niveau_hierar:0
942 ## - ADDED ENTRY ELEMENTS (KOHA)
Koha item type
Existencias
Withdrawn status Lost status Damaged status Not for loan Home library Current library Shelving location Date acquired Total checkouts Full call number Barcode Date last seen Price effective from Koha item type
        Biblioteca Prof. Eusebio Cleto del Rey Biblioteca Prof. Eusebio Cleto del Rey   21/05/2026   658.5.012.7 M757 L53842 21/05/2026 21/05/2026 Libro